ՀՀ Գիտությունների ազգային ակադեմիայի հիմնարար գիտական գրադարան  =   Fundamental Scientific Library of NAS RA

Логика / (Record no. 36938)

MARC details
000 -LEADER
fixed length control field 00711nam a2200217 u 4500
001 - CONTROL NUMBER
control field 000113038
003 - CONTROL NUMBER IDENTIFIER
control field AM-YEHGA
005 - DATE AND TIME OF LATEST TRANSACTION
control field 20250617122424.0
008 - FIXED-LENGTH DATA ELEMENTS--GENERAL INFORMATION
fixed length control field 980205s1947 ||||||||||||||||||||rus d
040 ## - CATALOGING SOURCE
Original cataloging agency AM-YeHGA
090 ## - LOCALLY ASSIGNED LC-TYPE CALL NUMBER (OCLC); LOCAL CALL NUMBER (RLIN)
-- 37502
100 1# - MAIN ENTRY--PERSONAL NAME
Personal name Асмус, Валентин Фердинандович
245 10 - TITLE STATEMENT
Title Логика /
Statement of responsibility, etc. В.Ф. Асмус ; АН СССР. Ин-т философии.
260 ## - PUBLICATION, DISTRIBUTION, ETC.
Place of publication, distribution, etc. Москва :
Name of publisher, distributor, etc. Госполитиздат,
Date of publication, distribution, etc. 1947.
300 ## - PHYSICAL DESCRIPTION
Extent 386 с. :
Other physical details рис.
650 14 - SUBJECT ADDED ENTRY--TOPICAL TERM
Topical term or geographic name entry element Логика
650 14 - SUBJECT ADDED ENTRY--TOPICAL TERM
Topical term or geographic name entry element Теория познания
650 14 - SUBJECT ADDED ENTRY--TOPICAL TERM
Topical term or geographic name entry element Учение о методологии
710 2# - ADDED ENTRY--CORPORATE NAME
Corporate name or jurisdiction name as entry element Институт философии АН СССР
942 ## - ADDED ENTRY ELEMENTS (KOHA)
Koha item type Գրքեր / Books
Holdings
Withdrawn status Lost status Source of classification or shelving scheme Damaged status Not for loan Collection Home library Current library Date acquired Total checkouts Full call number Barcode Date last seen Price effective from Koha item type Public note
    Universal Decimal Classification     Jahukyan Individual Collection Fundamental Scientific Library Fundamental Scientific Library 21/12/2016   Джаук/905 906000905 21/12/2016 21/12/2016 Գրքեր / Books ILL Non-Circ.
    Universal Decimal Classification     Vache Nalbandyan Individual Collection Fundamental Scientific Library Fundamental Scientific Library 21/12/2016   Nalb/143 FL0276098 21/12/2016 21/12/2016 Գրքեր / Books ILL Non-Circ.
    Universal Decimal Classification     General Fundamental Scientific Library Fundamental Scientific Library 29/03/2019   РД II/54900 FL0568634 29/03/2019 29/03/2019 Գրքեր / Books 30 Days Loan
    Universal Decimal Classification     General Fundamental Scientific Library Fundamental Scientific Library 09/04/2019   РД II/58492 FL0572565 09/04/2019 09/04/2019 Գրքեր / Books 30 Days Loan
    Universal Decimal Classification     General Fundamental Scientific Library Fundamental Scientific Library 03/09/2019   PII/14118 FL0589236 03/09/2019 03/09/2019 Գրքեր / Books 30 Days Loan
          Kusikian Individual Collection Fundamental Scientific Library Fundamental Scientific Library 01/11/2024   Кус/285 FL0684729 01/11/2024 01/11/2024 Գրքեր / Books ILL Non-Circ.


ՀՀ ԳԱԱ հիմնարար գիտական գրադարան
ՀՀ,Երևան 0019
Մարշալ Բաղրամյան 24/6
հեռախոս:(374-10) 52-47-50
Հետադարձ կապ

All site content, except where otherwise noted, is licensed under a
Creative Commons License